00414nam a2200145 a 4500008004100000050001800041100002000059245006700079246002400146260002800170350000900198650001100207650002600218650002400244120416s1988 ||||||||||||||||| || u aHD 6940.7 Lab aSouthall, Roger10aLabour and unions in Asia and Africacedited by Roger Southall acontemporary issues aLondonbMacmillanc1988 a0.00 aLABOUR aLABOUR UNIONS--AFRICA aLABOUR UNIONS--ASIA